|
|
|
|
| LEADER |
00000nam0a2200000 4500 |
| 001 |
38208 |
| 005 |
20231101210500.0 |
| 035 |
|
|
|a (RuTPU)RU\TPU\book\38891
|
| 090 |
|
|
|a 38208
|
| 100 |
|
|
|a 20020226d1991 km y0rusy50 ca
|
| 101 |
0 |
|
|a rus
|
| 102 |
|
|
|a RU
|
| 105 |
|
|
|a a g 000zy
|
| 200 |
1 |
|
|a Справочник по микросхемам серии К155
|f Авт.-сост.: Т. М. Рахимов
|
| 210 |
|
|
|a Новосибирск
|d 1991
|
| 215 |
|
|
|a 248 с.
|c ил.
|
| 225 |
1 |
|
|a Техническая библиотека инженера
|
| 606 |
1 |
|
|a Микросхемотехника
|2 stltpush
|3 (RuTPU)RU\TPU\subj\43763
|9 63206
|
| 610 |
1 |
|
|a электроника
|
| 610 |
1 |
|
|a микросхемы
|
| 610 |
1 |
|
|a К155
|
| 610 |
1 |
|
|a справочники
|
| 675 |
|
|
|a 621.382.049.77(035)
|v 3
|
| 702 |
|
1 |
|a Рахимов
|b Т. М.
|4 220
|
| 801 |
|
1 |
|a RU
|b 63413507
|c 20020226
|g PSBO
|
| 801 |
|
2 |
|a RU
|b 63413507
|c 20220404
|g PSBO
|
| 942 |
|
|
|c BK
|